000 00299nam a22001337a 4500
008 170809b xxu||||| |||| 00| 0 eng d
020 _a0787243051
041 _aeng
080 _a004
100 _a35
101 _aSHK
245 _aINTRODUCTION TO INFORMATION RESEARCH
_cLIST,C
942 _2udc
_cBK
999 _c22980
_d22980